Statistics for Top 11 US States By Least NBA Players

Click here to take the quiz!

General Stats

  • This quiz has been taken 43 times
  • The average score is 10 of 11

Answers on the Map

Answers color-coded by a green-red scale on the quiz's map according to % correct below.
 

Answer Stats

PlayersState% Correct
2Alaska
95%
2Maine
95%
2Hawaii
93%
5Idaho
93%
11Montana
93%
6North Dakota
90%
5South Dakota
90%
1New Hampshire
86%
7Wyoming
83%
11Delaware
76%
7New Mexico
64%

Score Distribution

Percentile by Number Answered

Percent of People with Each Score

Your Score History

You have not taken this quiz